Les plus grandes villes par direction cardinale en France - Statistiques

Statistiques générales
  • Ce quiz a été pris 101 fois
  • Le résultat moyen est 15 sur 19
Statistiques - réponses
Population Ville % Correct
870,731 Marseille
98%
870,731 Marseille
98%
2,165,423 Paris
96%
2,165,423 Paris
96%
2,165,423 Paris
96%
2,165,423 Paris
96%
234,475 Lille
95%
287,228 Strasbourg
91%
318,808 Nantes
89%
220,488 Rennes
88%
493,465 Toulouse
88%
342,669 Nice
85%
139,926 Brest
81%
86,279 Dunkerque
71%
119,344 Perpignan
66%
178,745 Toulon
61%
98,828 Roubaix
57%
98,656 Tourcoing
53%
35,196 Haguenau
19%
Aucun quiz correspondant
Distribution des résultats
% des personnes avec chaque résultat
Percentile par nombre de réponses
Votre historique - résultats
Vous n’avez pas pris ce quiz